Quizzes
Events
Quiz Creation
Community
Videos
Private Events
Remove Ads
Sign In
Join for FREE
Feedback
Dark Mode
Quiz Categories
Sports
Geography
Music
Movies
Television
Just For Fun
Miscellaneous
History
Literature
Language
Science
Gaming
Entertainment
Religion
Holiday
For Kids
Quiz Lab
Recent
Popular Today
Quiz Kudos Today
Editor Picks
Curator Picks
Quizzes by...
Day
Popularity
Type
Ratings
Length
Year
Community
Subscriptions
Recent Discussions
Orange Saloon
Badges
Playlists
Quests
Create
Leaderboards
Showdown
Live 5
Trivia Bingo
Activity
Puzzle Library
Sporcle Events
Private Events
Virtual Trivia
Globe League
Become a Host
Pub Owners
SporcleCon
Opinionation
Our Games
Videos
Blog
Mobile Apps
Partnerships
Remove Ads and Go Orange
Feedback
Music
Pop Music
The Beatles
Song
Album
Lyrics
Bands
Singers
Artist
Clip
Rock
Rap
Classical
Billboard
Country Music
Kpop
Taylor Swift
Music
Pop Music
The Beatles
Song
Album
Lyrics
Bands
Singers
Artist
Clip
Rock
Rap
Classical
Billboard
Country Music
Kpop
Taylor Swift
Random Quiz
Search Sporcle
×
Quiz Lab
Quiz Lab
Music
Classical
Type in answers that appear in a list
Type in answers that appear in a list
Classic
Best Score? Go Orange.
Russian Composers by Works Stats
Can you name the Russian Composers by Works?
By
Saxonthebeach
4m
10 Questions
551 Plays
551 Plays
551 Plays
Comments
Comments
Give Quiz Kudos
Give Quiz Kudos
-
- Ratings
hide this ad
Random Order
Randomize order of answers
Randomize order of answers
Replay
Link that replays current quiz
Next Quiz
Link to next quiz in quiz playlist
You Got
0%
They Got
Avg Score
70%
Avg Friend Score
Upgrade to see
Score Distribution
Jump to the score distribution portion of the page
Score
0/10
Timer
04:00
0
Plays Today
Works
Composer
% Correct
1812 Overture, Marche Slave, Francesca de Rimini
Pyotr Illyich Tchaikovsky
96.4%
Scheherazade, Flight of the Bumblebee, Capriccio Espagnol
Nikolai Rimsky-Korsakov
87.8%
Boris Gudunov, Pictures at an Exhibition, Night on Bald Mountain
Modest Mussorgsky
86%
The Love for Three Oranges, Peter and the Wolf, Symphony No. 1 in D Major ('Classical')
Sergei Prokofiev
86%
Symphony No. 13 in b-
flat minor ('Babi-
Yar'), Lady Macbeth of the Mtsensk District, Festive Overture in A Major for Orchestra
Dmitri Shostakovich
79.5%
Prince Igor, In the Steppes of Central Asia, Polovetsian Dances
Alexander Borodin
78.4%
Piano Concerto No. 2 in c minor, Six Moments Musicaux, Trio Elegiaque
Sergei Rachmaninoff
71.1%
Ruslan and Lyudmila, A Life for the Tsar, A Capriccio on Russian Themes
Mikhail Glinka
59.5%
Raymonda, Stenka Razin, Concerto for Alto Saxophone and String Orchestra in E-
flat Major
Alexander Glazunov
37.2%
Colas Breugnon, The Comedians, Piano Concerto No. 3 in D Major ('Youth')
Dmitri Kabalevsky
24.3%
Quiz Playlist
Details
Report
Send in Message
Add To Playlist
Classic:
Type in answers that appear in a list
Random Order:
Randomize order of answers
Quiz Source
Last Updated: Feb 16, 2017
Quiz Scoreboard
CHALLENGE
Sign Up to Join the Scoreboard
Show All
Scores
Hide
Comments
May contain spoilers
Recently Published
NBA Finals Game Top Scorers (2010s)
by flibbidy
Sports
5m
Guess the 'R' Things in 3 Words
by MSUKent
Miscellaneous
3m
Actor to Badly Drawn Movie III
by MoMosMoProblems
Movies
5m
More to Explore
Quiz From the Vault
Featured Blog Post
Where Does Lost Luggage Go?
hide this ad
You Might Also Like...
Tags
Classical Quiz
Composer
Composers
orchestra
orchestral
Orchestra Songs
Russia
Russian Composers
Today's Top Quizzes in Music
Browse Music
hide this ad
Today's Top Quizzes in Classical
Browse Classical
Top Contributed Quizzes in Music
1
Taylor Swift All Songs (2024)
2
Image Sorting: Rock Albums II
3
Image Sorting: Rock Albums III
4
Image Sorting: Rock Albums IV
5
Image Sorting: Rock Albums V
6
Image Sorting: Rock Albums VI
7
Adjectives in 80s Songs
8
Taylor Swift Logic Puzzle
9
Image Sorting: Album Titles
10
Nickname Match: Musicians
Explore More
Trending Topics
Crossword
Harry Potter
Kpop
Marvel
Disney
Anime
NBA
Country
Song
WWE
Soccer
Puzzle
The Office
NFL
Pokémon
hide this ad
More By:
Saxonthebeach
Quiz
Plays
Rating
Category
Featured
Created
Miami Dolphins QBs - 10 Starts
19,373
3.26
Sports
Apr 9, 2012
Ivy League Schools Criteria Quiz
1,858
3.00
Just For Fun
Nov 6, 2013
Carmen Sandiego Character or Grammy Award Winner?
1,756
4.81
Miscellaneous
Aug 20, 2014
Russian Composers by Works
551
4.40
Music
Jan 18, 2010
Alliterative Athletes A-Z
449
4.00
Sports
Mar 28, 2010
Go to Creator's Profile
Score Distribution
Quiz Creator Spotlight
Saxonthebeach
Follow
Send a Message
Quizzes Created
-
Created Quiz Play Count
-
More By This Creator
Popular Quizzes Today
1
Find the US States - No Outlines Minefield
2
Find the US States
3
The Countries of the World
4
10 Largest US States in Order
5
Find the Countries of Europe - No Outlines Minefield
6
US States
7
Guess the 'R' Things in 3 Words
8
NBA Finals Game Top Scorers (2010s)
More Music Quizzes
Metal Band Logo Picture Click 5
Editor's Pick
Trending Quizzes
First Name TV: Leading Men
First Name TV: Leading Women Drama
Match the Book to the Film II
3-Word Movies in 1 Word II
Match the Book to the Film VI
Recently Updated
Women's Final Four Teams by Year
bhenderson79
Presidents Quartet II
eogle
Anything But Clue(do)
eogle
Anything But Oceanian Capitals
eogle
Anything But 7
eogle
Anything But Thing
eogle
Word Ladder: February 29
pecheneg
Song Title Questions
pecheneg
Women's NCAA Tournament #1 Seeds
pecheneg
Celebrity Mug Shots
pecheneg
Trending Topics
Anime
Crossword
Disney
Harry Potter
Kpop
Marvel
NBA
Country
WWE
Pokémon
Soccer
The Office
Song
NFL
Puzzle
Your Account Isn't Verified!
In order to create a playlist on Sporcle, you need to verify the email address you used during registration. Go to your
Sporcle Settings
to finish the process.
Report this User
Report this user for behavior that violates our
Community Guidelines
.
Details:
Send Report
Go to the Sporcle.com Mobile Site →
Comments